00000000cas 2200000za 4500
0019.507402
003CaOODSP
00520260417132803
007cr |||||||||||
008150406c2003||||xxc|| p o||||f|   |0eng|d
022 |a1717-8150
040 |aCaOODSP|beng
043 |an-cn---
0861 |aIu106-1E-PDF
24500|aRural and Remote Broadband Access Program - report |h[electronic resource].
260 |aOttawa : |bIndustry Canada.
310 |aAnnual
3621 |a2002/2003-2004/2005
69007|aRural environment|2gcpds
69007|aTelecommunications|2gcpds
7101 |aCanada. |bIndustry Canada.
77508|tProgramme d'accès à large bande en régions rurales et éloignées - rapport |w(CaOODSP)9.503794